| 000 | 00556cam a22002291 4500 | ||
|---|---|---|---|
| 001 | sa 65000926 | ||
| 003 | DLC | ||
| 005 | 20260227112106.0 | ||
| 008 | 890728s1964 ii b 000 0 maro | ||
| 010 | _asa 65000926 | ||
| 035 | _a(OCoLC)20087022 | ||
| 040 |
_aDLC _cWaU _dDLC |
||
| 042 | _apremarc | ||
| 050 | 0 | 0 |
_aPK2353 _b.K29 |
| 100 | 1 |
_aKalelkar, Narayan Govind, _d1909- |
|
| 245 | 1 | 0 | _aBhāshā. |
| 260 | _c[1964] | ||
| 300 |
_a15, 115 p. _c22 cm. |
||
| 500 | _aIn Marathi. | ||
| 504 | _aBibliography: p. 113. | ||
| 650 | 0 | _aMarathi philology. | |
| 999 |
_c61815 _d61815 |
||